|
|
|
|
| LEADER |
02424nam a2200565 a 4500 |
| 001 |
nkc20081832976 |
| 003 |
CZ PrNK |
| 005 |
20090209161743.0 |
| 007 |
ta |
| 008 |
081216s2008 xr ab f 000 0 cze |
| 015 |
|
|
|a cnb001832976
|
| 020 |
|
|
|a 978-80-7212-485-5
|q (Ministerstvo životního prostředí ;
|q brož.)
|
| 020 |
|
|
|a 978-80-87051-34-4
|q (Agentura ochrany přírody a krajiny ČR ;
|q brož.)
|
| 035 |
|
|
|a (OCoLC)298781190
|
| 040 |
|
|
|a ABA001
|b cze
|
| 041 |
0 |
|
|a cze
|b eng
|
| 043 |
|
|
|a e-xr---
|b e-xr-cc
|b e-xr-mr
|2 czenas
|
| 072 |
|
7 |
|a 59
|x Zoologie
|2 Konspekt
|9 2
|
| 080 |
|
|
|a 598.2
|2 MRF
|
| 080 |
|
|
|a 591.9
|2 MRF
|
| 080 |
|
|
|a (437.31-13)
|2 MRF
|
| 080 |
|
|
|a (437.32-13)
|2 MRF
|
| 080 |
|
|
|a (048.8)
|2 MRF
|
| 245 |
0 |
0 |
|a Výsledky dlouhodobého monitoringu vodních ptáků na jižní Moravě a v jižních Čechách =
|b Results of long-term monitoring of waterbirds in southern Moravia and southern Bohemia (Czech Republic) /
|c Petr Macháček ... [et al.]
|
| 246 |
3 |
1 |
|a Results of long-term monitoring of waterbirds in southern Moravia and southern Bohemia (Czech Republic)
|
| 260 |
|
|
|a [Praha] :
|b Ministerstvo životního prostředí ve spolupráci s Agenturou ochrany přírody a krajiny České republiky a Regionálním muzeem v Mikulově,
|c [2008]
|
| 300 |
|
|
|a 56 s. :
|b barev. il., mapy ;
|c 23 cm
|
| 500 |
|
|
|a 1500 výt.
|
| 504 |
|
|
|a Obsahuje bibliografii
|
| 546 |
|
|
|a Anglické resumé
|
| 650 |
0 |
7 |
|a ptáci
|7 ph115956
|2 czenas
|
| 650 |
0 |
7 |
|a fauna
|7 ph114529
|z Česko
|2 czenas
|
| 650 |
0 |
9 |
|a birds
|2 eczenas
|
| 650 |
0 |
9 |
|a fauna
|z Czechia
|2 eczenas
|
| 651 |
|
7 |
|a Čechy jižní (Česko)
|7 ge131648
|2 czenas
|
| 651 |
|
7 |
|a Morava jižní (Česko)
|7 ge130073
|2 czenas
|
| 651 |
|
9 |
|a Bohemia, Southern (Czechia)
|2 eczenas
|
| 651 |
|
9 |
|a Moravia, Southern (Czechia)
|2 eczenas
|
| 655 |
|
7 |
|a studie
|7 fd133597
|2 czenas
|
| 655 |
|
9 |
|a studies
|2 eczenas
|
| 700 |
1 |
|
|a Macháček, Petr,
|d 1952-
|7 jn19981001799
|4 aut
|
| 856 |
4 |
1 |
|u http://www.digitalniknihovna.cz/mzk/uuid/uuid:13a1b4e0-a9e0-11e3-9d7d-005056827e51
|y Digitalizovaný dokument
|x NDK
|
| 910 |
2 |
|
|a BOA001
|b 2-1215.708
|
| 928 |
9 |
|
|a Ministerstvo životního prostředí ČR
|
| 928 |
9 |
|
|a Agentura ochrany přírody a krajiny ČR
|
| 928 |
9 |
|
|a Regionální muzeum v Mikulově
|
| 990 |
|
|
|a BK
|
| 995 |
|
|
|a 01
|
| 991 |
|
|
|b 200901
|c NOV
|
| 996 |
6 |
|
|b 2610361942
|c 2-1215.708
|l MZK
|r Sklad / do 1 hodiny
|n 0
|p p.v.
|w 000923138
|u 000010
|a 1
|e BOA001
|j MZK50
|s P
|